000 00735nam a2200253Ia 4500
003 OSt
005 20220918181245.0
006 a|||||r|||| 00| 0
007 ta
008 220917b |||||||| |||| 00| 0 eng d
024 _a26,407
037 _cTextual
040 _aARTS
_cARTS
_beng
041 _2eng
_aeng
082 _aO111,1M09x:g, K9
100 _aBrasher William R
_958280
245 0 _aLiving will
_b a study of Tennyson and nineteenth century subjectivism
260 _aParis
_bMouton
_c1969
300 _a180p.
_ccm.
490 _aStudies in english literarature; LII
650 _aENGLISH LITERATURE
942 _hO111,1M09x:g, K9
_cTEXL
_2CC
999 _c165022
_d165022